Представление документа в формате MARC21

Поле Инд. ПП Название Значение
Тип записи a
Библиографический уровень b
001 Контрольный номер RU/IS/BASE/354104500
005 Дата корректировки 20200528185509.8
008 Кодируемые данные 20110322
040 b Код языка каталог. rus
e Правила каталог. PSBO
041 0_ a Код языка текста rus
084 a Индекс другой классификации/Индекс ББК 60.507; 60.51(7США)6; 60.51(4Гем)6; 60.524.122.115
100 1_ a Автор Полякова Н. Л.
q Полное имя Полякова Наталья Львовна
245 10 a Заглавие Исследование форм и процессов модернизации: вклад исторической социологии
504 a Библиография Библиогр.: с. 80 - 81
520 a Аннотация В статье осуществляется реконструкция теорий процесса модернизации ряда ведущих представителей исторической социологии. Позиции исторической социологии по данному вопросу сопоставляются с позициями классической социологии. Автор демонстрирует принципиальные различия, существующие в подходах классиков социологии и представителей современной исторической социологии
600 a Персоналии Мур Баррингтон
a Персоналии Бендикс Рейнхард
650 a Основная рубрика история социологии
a Основная рубрика социология
653 a Ключевые слова XX век
a Ключевые слова Германия
a Ключевые слова историческая социология
a Ключевые слова классическая социология
a Ключевые слова модернизация
a Ключевые слова модернизация общества
a Ключевые слова социологические теории
a Ключевые слова США
a Ключевые слова теории модернизации
a Ключевые слова типы модернизации
773 08 t Заглавие источника Вестник Московского университета. Серия 18, Социология и политология
d Дата издания источника 2010
g Прочая информация № 4. - С. 67 - 81
w Контрольный № источника RU/IS/BASE/349533681
901 t Тип документа b